Loading...
| History - American | 0 | 4 | 1 | 0 | 35 | 82 | 98.25 | 0 | 1 | 0.00 | 0.00 |
| Social Science | 0 | 2 | 0 | 0 | 20 | 91 | 107.50 | 0 | 0 | 0.00 | 0.00 |
| History - Ancient | 0 | 2 | 0 | 0 | 20 | 130 | 131.50 | 0 | 1 | 0.00 | 0.00 |
| Philosophy | 0 | 2 | 0 | 1 | 20 | 125 | 131.50 | 0 | 0 | 0.00 | 0.00 |
| Beliefs | 0 | 3 | 2 | 1 | 20 | 91 | 116.67 | 0 | 1 | 0.00 | 0.00 |
| Fine Arts - Other Arts | 1 | 0 | 0 | 0 | 15 | 65 | 65.00 | 0 | 1 | 0.00 | 0.00 |
| Fine Arts - Classical Music and Opera | 1 | 0 | 0 | 0 | 15 | 16 | 16.00 | 1 | 1 | 0.00 | 0.00 |
| Visual Arts | 0 | 1 | 0 | 0 | 10 | 136 | 136.00 | 0 | 0 | 0.00 | 0.00 |
| History - European | 0 | 1 | 0 | 0 | 10 | 107 | 107.00 | 0 | 0 | 0.00 | 0.00 |
| History - World | 0 | 1 | 0 | 1 | 10 | 126 | 126.00 | 0 | 0 | 0.00 | 0.00 |
| Literature - American | 0 | 1 | 0 | 0 | 10 | 102 | 102.00 | 0 | 0 | 0.00 | 0.00 |
| Modern World | 0 | 1 | 0 | 1 | 10 | 125 | 125.00 | 0 | 0 | 0.00 | 0.00 |
| Literature - British | 0 | 1 | 1 | 0 | 5 | 101 | 101.00 | 1 | 1 | 0.00 | 0.00 |
| History - Other | 0 | 0 | 0 | 0 | 0 | 0.00 | 0 | 0 | 0.00 | 0.00 |